000 00498nam a2200157Ia 4500
008 220204s9999 xx 000 0 und d
082 _a57.088.6
_bEXT.4
100 _aEXTERMAN, R C
245 0 _aRadioisotopes in scientific research. V 4. Research with radioisotopes in plant biology and some general problems.
260 _aLondon
_bPergamon
_c1958
650 _aAlkaloid biosynthesis
650 _aPlant biosynthesis
650 _aRadioisotopes
650 _aRubber biosynthesis
942 _cBK
999 _c21024
_d21024